000 02315 a2200349 4500
003 Nust
005 20170207165003.0
020 _a9780814414248
020 _a9780814414248
035 _a(AU-PeEL)EBL452603
035 _a(EBZ)ebs1104864e
035 _a(EBZ)ebs1104864e
035 _a(OCoLC)430198509
035 _a(WaSeSS)ssj0000196433
040 _cNust
082 0 0 _a658.4/09
100 1 _aCoughlin, Dan.
245 1 4 _aThe Management 500 (E Book)
_h[Elektronisk resurs] :
_bA High-Octane Formula for Business Success.
260 _aNew York :
_bAMACOM,
_c2009.
300 _a1 online resource (257 p.)
500 _aDescription based upon print version of record.
505 0 _aContents; Foreword; Acknowledgments; Introduction; 1 Prepare with Precision; 2 Qualify for the Pole Position; 3 Start Your Engine; 4 Lead the Way; 5 Deliver Problem-Solving-in-Motion; 6 Use Pit Stops Wisely; 7 Create Crew Excellence; 8 Design Your Strategy to Win; 9 Speed Up Brand Equity; 10 Innovate to Accelerate; 11 Progress Through Turns in the Track; 12 Finish with Focus; Notes; Index;
520 _aThe world of auto racing is thrilling, energizing, and runs at break-neck speed. But it also requires incredible accuracy, shrewd strategy, and impeccable performance to ensure a win. These same qualities are essential for every manager who wants to build and sustain a profitable business. The Management 500 provides practical management lessons drawn from the history of professional auto racing. With insights and stories from some of the most successful people in Formula 1, IndyCar Series, and NASCAR over the past 60 years including Lee White, President of Toyota Racing Development and Ed Lau
650 4 _aBusiness enterprises.
650 4 _aManagement.
650 4 _aOrganizational effectiveness.
650 4 _aSuccess in business.
655 0 _aElectronic books.
856 4 0 _uhttp://ep.bib.mdh.se/login?url=http://search.ebscohost.com/login.aspx?direct=true&scope=site&db=e000xww&AN=274192
856 4 0 _uhttp://webproxy.student.hig.se:2048/login?url=http://search.ebscohost.com/login.aspx?direct=true&scope=site&db=nlebk&db=nlabk&AN=274192
856 4 0 _uhttps://login.proxy.annalindhbiblioteket.se/login?url=http://search.ebscohost.com/login.aspx?direct=true&scope=site&db=e000xww&AN=274192
942 _2ddc
_cBK
999 _c210447
_d210447